<?xml version="1.0" encoding="UTF-8"?>
<record
    xmlns:xsi="http://www.w3.org/2001/XMLSchema-instance"
    xsi:schemaLocation="http://www.loc.gov/MARC21/slim http://www.loc.gov/standards/marcxml/schema/MARC21slim.xsd"
    xmlns="http://www.loc.gov/MARC21/slim">

  <leader>00776cam a22002774a 4500</leader>
  <datafield tag="999" ind1=" " ind2=" ">
    <subfield code="c">35418</subfield>
    <subfield code="d">35418</subfield>
  </datafield>
  <controlfield tag="001">YPZ92673</controlfield>
  <controlfield tag="003">YPZ</controlfield>
  <controlfield tag="005">20251201105235.0</controlfield>
  <controlfield tag="008">100414s2007    ag a   grb    001 0|spa|d</controlfield>
  <datafield tag="020" ind1=" " ind2=" ">
    <subfield code="a">9509051357</subfield>
  </datafield>
  <datafield tag="040" ind1=" " ind2=" ">
    <subfield code="c">SIUNPA</subfield>
    <subfield code="b">spa</subfield>
    <subfield code="e">AACR2</subfield>
  </datafield>
  <datafield tag="041" ind1=" " ind2=" ">
    <subfield code="a">spa</subfield>
  </datafield>
  <datafield tag="044" ind1=" " ind2=" ">
    <subfield code="a">ag</subfield>
  </datafield>
  <datafield tag="080" ind1=" " ind2=" ">
    <subfield code="a">355.01 S957a</subfield>
  </datafield>
  <datafield tag="100" ind1=" " ind2=" ">
    <subfield code="a">Sun Tzu.</subfield>
    <subfield code="4">, autor</subfield>
  </datafield>
  <datafield tag="245" ind1=" " ind2=" ">
    <subfield code="a">El arte de la guerra</subfield>
    <subfield code="c">/ Sun Tzu ; traducci&#xF3;n y notas Roberto Curto</subfield>
  </datafield>
  <datafield tag="260" ind1=" " ind2=" ">
    <subfield code="a">Buenos Aires</subfield>
    <subfield code="b"> : Longseller</subfield>
    <subfield code="c"> , 2005</subfield>
  </datafield>
  <datafield tag="300" ind1=" " ind2=" ">
    <subfield code="a">187[4] p.</subfield>
    <subfield code="b">: il.</subfield>
  </datafield>
  <datafield tag="490" ind1=" " ind2=" ">
    <subfield code="a">(Cl&#xE1;sicos de siempra; </subfield>
    <subfield code="v">1)</subfield>
  </datafield>
  <datafield tag="500" ind1=" " ind2=" ">
    <subfield code="a">En portada: Versi&#xF3;n completa</subfield>
  </datafield>
  <datafield tag="650" ind1=" " ind2=" ">
    <subfield code="a"> GUERRA</subfield>
  </datafield>
  <datafield tag="650" ind1=" " ind2=" ">
    <subfield code="a"> FILOSOFIA DE LA HISTORIA</subfield>
  </datafield>
  <datafield tag="650" ind1=" " ind2=" ">
    <subfield code="a"> SUN TZU </subfield>
    <subfield code="y">(400-320 a.c.)</subfield>
  </datafield>
  <datafield tag="700" ind1=" " ind2=" ">
    <subfield code="4">, tr. y notas</subfield>
    <subfield code="a">Curto, Roberto</subfield>
  </datafield>
  <datafield tag="942" ind1=" " ind2=" ">
    <subfield code="c">BK</subfield>
    <subfield code="2">udc</subfield>
  </datafield>
  <datafield tag="952" ind1=" " ind2=" ">
    <subfield code="0">0</subfield>
    <subfield code="1">0</subfield>
    <subfield code="2">udc</subfield>
    <subfield code="4">0</subfield>
    <subfield code="7">0</subfield>
    <subfield code="8">CG</subfield>
    <subfield code="a">BIB_RECT</subfield>
    <subfield code="b">BIB_UART</subfield>
    <subfield code="d">2025-12-01</subfield>
    <subfield code="e">Compra UART-U</subfield>
    <subfield code="g">45000.00</subfield>
    <subfield code="i">03-51928</subfield>
    <subfield code="o">355.01 S957a</subfield>
    <subfield code="p">03-51928</subfield>
    <subfield code="r">2025-12-01</subfield>
    <subfield code="w">2025-12-01</subfield>
    <subfield code="y">BK</subfield>
  </datafield>
</record>
